| 000 | 01392nam2a22002771 4500 | ||
|---|---|---|---|
| 001 | v19\rc\1598116 | ||
| 005 | 20250618220355.0 | ||
| 035 | _a(NLR Aleph) 004721090 | ||
| 090 |
_a4333554 _c4333554 |
||
| 100 | _a20061002d1895 |||y0rusy50 ca | ||
| 101 | 0 | _arus | |
| 102 | _aRU | ||
| 105 | _ay z ||||| | ||
| 200 | 0 |
_aза 1894 год _e7-й г. существования с 13 дек. 1887 г. |
|
| 210 |
_d1895 _aБ. м. |
||
| 215 | _a37 с. | ||
| 461 | 0 |
_1001v19\rc\1598113 _12001#$aОтчет Троицкосавской общественной библиотеки и обзор деятельности Попечительного и Распорядительного комитетов при ней...$vза 1894 год _94333521 _aТроицкосавская общественная б-ка _cИркутск _d1893-1910 _tОтчет Троицкосавской общественной библиотеки и обзор деятельности Попечительного и Распорядительного комитетов при ней... _vза 1894 год |
|
| 801 | 0 |
_aRU _bNLR _gpsbo |
|
| 801 | 0 |
_aRU _bRuMoRGB _2psbo |
|
| 801 | 1 |
_aRU _bProSoft-M _2rusmarc |
|
| 852 |
_aNLR _bБ _j5050.Т708/О-881 |
||
| 899 |
_aRuMoRGB (1894-1904*) _jA 214/237 |
||
| 899 |
_aRuMoRGB (1894-1904*) _jРб 47/187 |
||
| 899 |
_aRuMoRGB (1894-1904*) _jРб 47/188 |
||
| 942 | _cBOOK | ||
| 980 | _aNB | ||